000
002740000a22001090004500
082
0
4
_a
CD 084
245
1
0
_a
Diccionario de biografías / dirección Gustavo de Elorza
260
_a
Bogotá : Zamora
650
1
4
_a
Biografías \ Diccionarios \ Cd-rom
001
1708
942
_c
LGB
999
_c
48866
_d
48866